| 000 | 00590cam a22001577a 4500 | ||
|---|---|---|---|
| 008 | 180718b2002 xxu||||| |||| 00| 0 eng d | ||
| 082 | _aA81x54 01/03/PAP3/01 | ||
| 100 | _aCensus of India 2001 | ||
| 245 | _aHimachal Pradesh: provisional population totals | ||
| 260 |
_aShimla _bController, Printing and Stationery Department _c2002 |
||
| 300 | _a208+p. | ||
| 440 | _aCensus of India 2001. Series-3, Himachal Pradesh. Paper-3 of 2001 | ||
| 500 | _aContents: Distribution of workers and non-workers | ||
| 650 | _aEmployees - India - Himachal Pradesh | ||
| 650 | _aHimachal Pradesh - Census | ||
| 999 |
_c490520 _d490520 |
||